000 00730nam a2200241 i 4500
001 C2-0315366
003 PPAK
005 20180728111138.0
008 120606s2011 my a|||| ||||| | may d
020 _a9789673404100
040 _aPPAK
_beng
_cPPAK
_erda
082 0 4 _a499.2382
_223
090 0 0 _a499.2382
_bWAN
_dRK
100 0 _aWan Aishah Wan Hamid,
_eauthor
245 1 0 _aFokus karangan UPSR
264 1 _aPetaling Jaya, Selangor :
_bPenerbitan Mega Setia Emas Sdn. Bhd. ,
_c2011
300 _a123 pages :
_bcolour illustrations ;
_c23 cm
336 _2rdacontent
_atext
337 _2rdamedia
_aunmediated
338 _2rdacarrier
_avolume
650 1 0 _aMalay language - Composition and exercises.
942 _ddc
_cB
999 _c116621
_d116621